000 00381nam a22001457a 4500
020 _qPB.
040 _cFizza Ishaq
082 _a711.4
_bBRO
100 _aBroadbent, Geoffrey.
_932571
245 _aEmerging Concepts in Urban Space Design /
_cGeoffrey Broadbent.
250 _a1st ed.
260 _aNew York :
_bTaylor & Francis,
_c2005.
300 _a380 P. ;
942 _2ddc
_cBK
999 _c614369
_d614369